Технологии моделирования и управления процессами вихреобразования в анизотропно-неоднородных открытых и замкнутых термодинамических системах; Творчество юных - шаг в успешное будущее

Մատենագիտական մանրամասներ
Parent link:Творчество юных - шаг в успешное будущее.— 2017.— [С. 203-208]
Հիմնական հեղինակ: Харламов С. Н. Сергей Николаевич
Համատեղ հեղինակ: Национальный исследовательский Томский политехнический университет (ТПУ) Институт природных ресурсов (ИПР) Кафедра транспорта и хранения нефти и газа (ТХНГ)
Ամփոփում:Заглавие с титульного экрана
Լեզու:ռուսերեն
Հրապարակվել է: 2017
Շարք:Новейшие системы, техника и технологии для подводного изучения шельфа Арктики иприбрежных зон арктических морей
Խորագրեր:
Առցանց հասանելիություն:http://earchive.tpu.ru/handle/11683/43295
Ձևաչափ: Էլեկտրոնային Գրքի գլուխ
KOHA link:https://koha.lib.tpu.ru/cgi-bin/koha/opac-detail.pl?biblionumber=623957

MARC

LEADER 00000naa2a2200000 4500
001 623957
005 20231216143320.0
035 |a (RuTPU)RU\TPU\conf\23088 
035 |a RU\TPU\conf\23087 
090 |a 623957 
100 |a 20171018d2017 k y0rusy50 ca 
101 0 |a rus 
102 |a RU 
105 |a y z 101zy 
135 |a drcn ---uucaa 
181 0 |a i  
182 0 |a b 
200 1 |a Технологии моделирования и управления процессами вихреобразования в анизотропно-неоднородных открытых и замкнутых термодинамических системах  |f С. Н. Харламов 
203 |a Текст  |c электронный 
225 1 |a Новейшие системы, техника и технологии для подводного изучения шельфа Арктики иприбрежных зон арктических морей 
300 |a Заглавие с титульного экрана 
320 |a [Библиогр.: с. 207-208 (8 назв.)] 
463 1 |0 (RuTPU)RU\TPU\conf\23047  |t Творчество юных - шаг в успешное будущее  |o Арктика и её освоение  |o материалы X Всероссийской научной молодежной конференции с международным участием с элементами научной школы имени профессора М.К. Коровина, г. Томск, 29 мая-2 июня 2017 г.  |f Национальный исследовательский Томский политехнический университет (ТПУ), Институт природных ресурсов (ИПР) ; под ред. А. С. Боева  |v [С. 203-208]  |d 2017 
610 1 |a труды учёных ТПУ 
610 1 |a электронные ресурсы 
610 1 |a Арктика 
610 1 |a термодинамические системы 
610 1 |a Крайний Север 
610 1 |a RANS-приближения 
610 1 |a корреляционные методы 
610 1 |a газовая промышленность 
700 1 |a Харламов  |b С. Н.  |c специалист в области транспорта и хранения нефти  |c профессор Томского политехнического университета  |f 1957-  |g Сергей Николаевич  |3 (RuTPU)RU\TPU\pers\26140  |9 11969 
712 0 2 |a Национальный исследовательский Томский политехнический университет (ТПУ)  |b Институт природных ресурсов (ИПР)  |b Кафедра транспорта и хранения нефти и газа (ТХНГ)  |3 (RuTPU)RU\TPU\col\18661 
801 2 |a RU  |b 63413507  |c 20171024  |g RCR 
856 4 |u http://earchive.tpu.ru/handle/11683/43295 
942 |c BK